000
00193nam a2200073Ia 4500
008
170617s9999 xx 000 0 und d
100
_a
Wongs Wilson
245
0
_a
Nursing Care of Infants and Children
260
_b
VIKAS PUB HOUSE
999
_c
12627
_d
12627